Todo modo / (Registro nro. 12875)

Detalles MARC
000 -LIDER
fixed length control field 00876nam a22002657a 4500
003 - IDENTIFICACDOR DE NÚMERO DE CONTROL
control field DO-SdBNP
005 - DATE AND TIME OF LATEST TRANSACTION
control field 20171205135204.0
008 - ELEMENTOS DE LONGITUD FIJA
fixed length control field 171113b 1999 sp ||||| |||| 00| 0 spa d
020 ## - ISBN
International Standard Book Number 8481301434
040 ## - FUENTE DE CATALOGACIÓN
Agencia que crea de manera original el registro BPMSU
Idioma de catalogación spa
Agencia que realiza la transcripción BPMSU
092 ## - LOCALLY ASSIGNED DEWEY DECIMAL CALL NUMBER
Número de clasificación xxxx
Número de ítem (Cutter) xxxx
100 1# - ASIENTO PRINCIPAL -- NOMBRE PERSONAL
Nombre personal Sciascia, Leonardo
245 10 - MENCIÓN DE TITULO
Título Todo modo /
Mención de responsabilidad Leonardo Sciascia; traducción de Joaquín Jordá; prólogo de Francisco J. Satué.
260 ## - PUBLICACIÓN, DISTRIBUCIÓN, ETC. (PIE DE IMPRENTA)
Lugar de publicación, distribución, etc Madrid :
Nombre del editor, distribuidor, etc. Unidad,
Fecha de publicación, distribución, etc 1999.
300 ## - DESCRIPCIÓN FÍSICA
Extensión 118 p. ;
Dimensiones 22 cm.
490 1# - MENCIÓN DE SERIES
Mención de serie Millenium., Las 100 joyas del milenio
Volume/sequential designation 27
490 ## - MENCIÓN DE SERIES
Mención de serie Biblioteca El mundo.
700 12 - ASIENTO SECUNDARIO -- NOMBRE PERSONAL
Nombre personal Jordá, Joaquín,
Mención de responsabilidad tr.
700 12 - ASIENTO SECUNDARIO -- NOMBRE PERSONAL
Nombre personal Satué, Francisco J.
Mención de responsabilidad pról.
830 #0 - ASIENTO SECUNDARIO DE SERIE--TÍTULO UNIFORME
Título uniforme Millenium., Las 100 joyas del milenio
Volume number/sequential designation 27
830 #0 - ASIENTO SECUNDARIO DE SERIE--TÍTULO UNIFORME
Título uniforme Biblioteca El mundo
942 ## - ADDED ENTRY ELEMENTS (KOHA)
Source of classification or shelving scheme Dewey Decimal Classification
Koha item type Libros
945 ## - INFORMACIÓN DE PROCESAMIENTO LOCAL
Información de procesamiento local Inventariado extranjero 2017 VM
956 ## - LOCAL ELECTRONIC LOCATION AND ACCESS (OCLC)
Nombre de host LOPEREZ
Número de acceso 10
Información de compresión 20171113
Procesador de solicitud 0041
Instrucción BPMSU
Existencias
Withdrawn status Lost status Source of classification or shelving scheme Damaged status Not for loan Collection code Home library Current library Date acquired Source of acquisition Total Checkouts Barcode Date last seen Price effective from Koha item type
    Dewey Decimal Classification     Colección General Biblioteca Pública Metropolitana Salomé Ureña Biblioteca Pública Metropolitana Salomé Ureña 11/13/2017 Donación   BPMSU17110181 11/13/2017 11/13/2017 Libros